000 00600nam a22002537a 4500
001 BR0703238
003 BR-BrBNA
005 20240410094931.0
007 ta
008 230509b bl.||||| |||| 00| 0 por d
040 _aBR-BrBNA
_bpor
_cBiblioteca Nacional de Agricultura
041 _a(Por)
072 _aB50
090 _aB50
_bBR0703238
100 1 _aMoraes, Carlos
245 1 _aShunji Nishimura
260 3 _aSão Paulo, SP (Brasil):
_c1998.
300 _a96 p.
500 _a15 ref.
650 _aBIOGRAFIA
650 _aHISTÓRIA
650 _aTRABALHADOR RURAL
942 _cBK
_2AGRIS
999 _c71005
_d71005